Music Quiz

Random Music or Singers Quiz
Score 0/5 Timer 05:00
2 Plays Today
Year Album % Correct
2019Thank U, Next
94.8%
2018Sweetener
91.1%
2016Dangerous Woman
89.6%
2014My Everything
81.4%
2013Yours Truly
79.2%
Remove Ads.
Support Sporcle.
Get the best of Sporcle when you Go Orange. This ad-free experience offers more features, more stats, and more fun while also helping to support Sporcle. Thank you for becoming a member.

You're not logged in!

Compare scores with friends on all Sporcle quizzes.
OR
Log In

Show Comments

Extras

Top Quizzes Today


Score Distribution

Your Account Isn't Verified!

In order to create a playlist on Sporcle, you need to verify the email address you used during registration. Go to your Sporcle Settings to finish the process.

Report this User

Report this user for behavior that violates our Community Guidelines.

Details: